000 00481cam a2200193ua 4500
001 7818
008 141224n ii |||gr||||Z||||||ben
040 _cMAIN
041 _aben
082 _a891.443
100 _aGhosh, P.,
_eAuthor.
245 1 _aAloukik noy, loukik :
_b1st vol /
_cBy Prabir Ghosh .
250 _a1st.
260 _aCalcutta:
_bDey,
_c1990.
300 _a264p.
653 _aEast Indo-European & Celtic literatures
653 _aBengali novels
942 _cBK
999 _c6938
_d6938